| Tag |
First Indicator |
Second Indicator |
Subfields |
| LEADER |
00000cam a2200000Ka 4500 |
| 001 |
in00002410921 |
| 005 |
20211129160353.0 |
| 006 |
m d f |
| 008 |
080710s2006 dcu s f000 0 eng d |
| 035 |
|
|
|a (OCoLC)ocn233636304
|
| 040 |
|
|
|a GPO
|c GPO
|d MvI
|d UtOrBLW
|
| 049 |
|
|
|a WWW
|
| 074 |
|
|
|a 0901-B-06 (online)
|
| 086 |
0 |
|
|a SBA 1.20/3:287
|
| 100 |
1 |
|
|a Craig, Steven G.
|q (Steven Gael)
|
| 245 |
1 |
4 |
|a The economic role of small businesses using large data sets :
|b an analysis of the contributions of small firms to urban growth /
|c by Steven G. Craig and Janet E. Kohlhase.
|
| 264 |
|
1 |
|a [Washington, D.C.] :
|b SBA Office of Advocacy,
|c [2006]
|
| 300 |
|
|
|a 2 unnumbered pages :
|b digital, PDF file.
|
| 336 |
|
|
|a text
|b txt
|2 rdacontent
|
| 337 |
|
|
|a computer
|b c
|2 rdamedia
|
| 338 |
|
|
|a unspecified
|b zu
|2 rdacarrier
|
| 490 |
1 |
|
|a Small business research summary ;
|v no. 287
|
| 538 |
|
|
|a Mode of access: Internet from the SBA web site. Address as of 7/9/08: http://www.sba.gov/advo/research/rs287.pdf ; current access available via PURL.
|
| 500 |
|
|
|a Title from title screen (viewed on July 9, 2008).
|
| 500 |
|
|
|a "December 2006."
|
| 500 |
|
|
|a Electronic resource.
|
| 650 |
|
0 |
|a Economic development
|z Texas
|z Houston.
|
| 650 |
|
0 |
|a Small business
|z United States.
|
| 700 |
1 |
|
|a Kohlhase, Janet E.
|
| 710 |
1 |
|
|a United States.
|b Small Business Administration.
|b Office of Advocacy.
|
| 830 |
|
0 |
|a Small business research summary ;
|v RS no. 287.
|
| 856 |
4 |
0 |
|u https://purl.fdlp.gov/GPO/LPS96471
|t 0
|
| 999 |
|
|
|a MARS
|
| 999 |
f |
f |
|s 3d1b5fbd-44c1-3f98-be59-5f3debba669f
|i 5cf5e1e9-2ec1-30bf-81db-ab288af40d96
|t 0
|
| 952 |
f |
f |
|a Texas A&M University
|b College Station
|c Electronic Resources
|d Available Online
|t 0
|e SBA 1.20/3:287
|h Superintendent of Documents classification
|
| 998 |
f |
f |
|a SBA 1.20/3:287
|t 0
|l Available Online
|